The Just economy

Bewaard in:
Bibliografische gegevens
Hoofdauteur: Winfield, Richard Dien
Formaat: Boek
Taal:Undetermined
Gepubliceerd in: New York Routledge 1988
Onderwerpen:
Tags: Voeg label toe
Geen labels, Wees de eerste die dit record labelt!
Thư viện lưu trữ: Trung tâm Học liệu Trường Đại học Cần Thơ
LEADER 00486nam a2200181Ia 4500
001 CTU_80450
008 210402s9999 xx 000 0 und d
082 |a 323.4 
082 |b W758 
100 |a Winfield, Richard Dien 
245 4 |a The Just economy 
245 0 |c Richard Dien Winfield 
260 |a New York 
260 |b Routledge 
260 |c 1988 
650 |a Distributive justice,Economics 
904 |i Trọng Hải 
980 |a Trung tâm Học liệu Trường Đại học Cần Thơ